000 00810nam a2200241Ia 4500
003 OSt
005 20221005104409.0
006 a|||||r|||| 00| 0
007 ta
008 221004b |||||||| |||| 00| 0 hin d
024 _a119235
037 _cTextual
040 _aCRL
_cCRL
_bhin
041 _2hin
_ahin
082 _aa14-3152,12,N7, M2
100 _aमहाजन, यशपाल, संपा.
245 0 _aहिन्दी ग्रन्थ कोश
_b1970
246 _aHindī grantha kosha: 1970
260 _aदिल्ली
_bभारतीय ग्रन्थ निकेतन भारत
_c1982
300 _a88पृ0
_ccm.
942 _ha14-3152,12,N7, M2
_cTEXL
_2cc
999 _c1012588
_d1012588